Introducción a la geografía de la población / (Record no. 130829)

MARC details
000 -LEADER
campo de control de longitud fija 00889nam a2200241 i 4500
001 - NÚMERO DE CONTROL
campo de control 130829
003 - IDENTIFICADOR DE NÚMERO DE CONTROL
campo de control ES-MaACL
005 - FECHA Y HORA DE LA ÚLTIMA TRANSACCIÓN
campo de control 20250814064959.0
007 - CAMPO FIJO DE DESCRIPCIÓN FÍSICA--INFORMACIÓN GENERAL
campo de control de longitud fija t|
008 - DATOS DE LONGITUD FIJA--INFORMACIÓN GENERAL
campo de control de longitud fija 070809s1971 sp ||||1| spa d
100 1# - ENTRADA PRINCIPAL--NOMBRE DE PERSONA
Nombre de persona Zelinsky, Wilbur.
9 (RLIN) 118162
245 10 - MENCIÓN DEL TÍTULO
Título Introducción a la geografía de la población /
Mención de responsabilidad, etc. Wilbur Zelinsky ; traducción de Antonio Casahuga ; prólogo de J. Vilá Valentí.
250 ## - MENCION DE EDICION
Mención de edición [1ª ed.].
260 ## - PUBLICACIÓN, DISTRIBUCIÓN, ETC.
Lugar de publicación, distribución, etc. [Barcelona] :
Nombre del editor, distribuidor, etc. Vicens-Vives,
Fecha de publicación, distribución, etc. [1971]
300 ## - DESCRIPCIÓN FÍSICA
Extensión XII, 188 p. :
Otras características físicas il. ;
Dimensiones 20 cm.
490 1# - MENCIÓN DE SERIE
Mención de serie Biblioteca básica de geografía económica ;
Designación de volumen o secuencia 1
650 #7 - PUNTO DE ACCESO ADICIONAL DE MATERIA--TÉRMINO DE MATERIA
Término de materia o nombre geográfico como elemento de entrada Geografía de la población
Fuente del encabezamiento o término embne
9 (RLIN) 13076
700 1# - ENTRADA AGREGADA--NOMBRE PERSONAL
Nombre de persona Casahuga Vinardell, Antonio.
9 (RLIN) 36034
700 1# - ENTRADA AGREGADA--NOMBRE PERSONAL
Nombre de persona Vilá Valentí, Juan.
9 (RLIN) 114743
830 0# - PUNTO DE ACCESO ADICIONAL DE SERIE-TÍTULO UNIFORME
Título uniforme Biblioteca básica de geografía económica ;
Designación de volumen o secuencia 1
9 (RLIN) 186987
852 ## - LOCALIZACIÓN
Ubicación ES-MaACL
Número de control de estantería C-56381
Sublocalización o colección R.89142
Holdings
Estatus retirado Estado de pérdida Estado de daño No para préstamo Biblioteca de origen Biblioteca actual Ubicación en estantería Fecha de adquisición Fuente de adquisición Total de préstamos Signatura topográfica completa Código de barras Visto por última vez Precio de reemplazo Tipo de ítem Koha
        Biblioteca del Ateneo de Madrid Biblioteca del Ateneo de Madrid Depósito 2 17/01/2008     C-56381 1136213 23/02/2023 23/02/2023 Libro impreso